La economía argentina en la década del 90 (Registro nro. 28983)

Detalles MARC
000 -LEADER
fixed length control field 00506 a2200121 4500
001 - CONTROL NUMBER
control field ART_26023
005 - DATE AND TIME OF LATEST TRANSACTION
control field 20260410161935.0
008 - FIXED-LENGTH DATA ELEMENTS--GENERAL INFORMATION
fixed length control field 260409a
100 1# - MAIN ENTRY--PERSONAL NAME
Personal name Krieger Vasena, Adalbert
245 10 - TITLE STATEMENT
Title La economía argentina en la década del 90
653 ## - INDEX TERM--UNCONTROLLED
Uncontrolled term El programa económico 1967/69 pp. 127-172<br/>1967/69 economic program a global and simultaneous attack on inflation
773 0# - HOST ITEM ENTRY
Title Anales de la Academia Nacional de Ciencias Económicas
Related parts - Vol. XLIII, (1998) (ene. 1999)
Record control number REV25596

No hay ítems disponibles.